[Event "Berlin Kreuzberg op"]
[Site "Berlin"]
[Date "2015.07.17"]
[Round "7"]
[White "Kalinitschew, Sergey"]
[Black "Von Wantoch Rekowski, Danijela"]
[Result "1-0"]
[WhiteElo "2427"]
[BlackElo "2153"]
[PlyCount "61"]
[EventDate "2015.07.11"]
[EventType "swiss"]
[EventRounds "9"]
[EventCountry "GER"]
[SourceTitle "CBM 167 Extra"]
[Source "ChessBase"]
[SourceDate "2015.09.14"]
[SourceVersion "1"]
[SourceVersionDate "2015.09.14"]
[SourceQuality "1"]

1. Nf3 Nf6 2. c4 e6 3. Nc3 c5 4. g3 b6 5. Bg2 Bb7 6. 0-0 Be7 7. Re1 0-0 8. e4 a6 9. d4 cxd4 10. Nxd4 Ne8 11. Be3 Qc7 12. Rc1 d6 13. f4 Nd7 14. f5 e5 15. Nd5 Qd8 16. Nxe7+ Qxe7 17. Ne2 b5 18. cxb5 axb5 19. a3 Nc5 20. Nc3 Nc7 21. Re2 Rfd8 22. Rd2 Na4 23. Na2 Na6 24. b4 Rac8 25. Rxc8 Bxc8 26. Qb3 d5 27. Rxd5 Nc7 28. Rxd8+ Qxd8 29. Nc1 Na8 30. Nd3 N8b6 31. Nxe5 1-0

[Event "Berlin Kreuzberg op"]
[Site "Berlin"]
[Date "2015.07.16"]
[Round "6"]
[White "Von Wantoch Rekowski, Danijela"]
[Black "Richter, Goetz"]
[Result "1-0"]
[WhiteElo "2153"]
[BlackElo "2085"]
[PlyCount "57"]
[EventDate "2015.07.11"]
[EventType "swiss"]
[EventRounds "9"]
[EventCountry "GER"]
[SourceTitle "CBM 167 Extra"]
[Source "ChessBase"]
[SourceDate "2015.09.14"]
[SourceVersion "1"]
[SourceVersionDate "2015.09.14"]
[SourceQuality "1"]

1. e4 d6 2. d4 Nf6 3. Nc3 Nbd7 4. h3 c6 5. Nf3 e5 6. Be3 Be7 7. Qd2 b5 8. a3 Bb7 9. g4 a5 10. Bd3 b4 11. axb4 axb4 12. Rxa8 Bxa8 13. Ne2 exd4 14. Nfxd4 g6 15. g5 Nh5 16. f4 c5 17. Nf3 d5 18. exd5 Bxd5 19. Kf2 c4 20. Bxc4 Bxc4 21. Qd4 0-0 22. Qxc4 Qb8 23. Rd1 Rc8 24. Qe4 Re8 25. Rxd7 Bc5 26. Ne5 Nxf4 27. Qxf4 Bxe3+ 28. Qxe3 Rxe5 29. Rd8+ 1-0

[Event "GER-chT Federal Cup (Women)"]
[Site "Braunfels"]
[Date "2015.06.06"]
[Round "4.1"]
[White "Bakalarz, Grazyna"]
[Black "Von Wantoch Rekowski, Danijela"]
[Result "0-1"]
[WhiteElo "1954"]
[BlackElo "2083"]
[PlyCount "80"]
[EventDate "2015.06.04"]
[EventType "team-swiss"]
[EventRounds "5"]
[EventCountry "GER"]
[SourceTitle "CBM 167 Extra"]
[Source "ChessBase"]
[SourceDate "2015.09.14"]
[SourceVersion "1"]
[SourceVersionDate "2015.09.14"]
[SourceQuality "1"]
[WhiteTeam "Rheinland Pfalz (W)"]
[BlackTeam "Sachsen (W)"]
[WhiteTeamCountry "GER"]
[BlackTeamCountry "GER"]

1. d4 Nf6 2. Nf3 g6 3. c4 Bg7 4. Nc3 0-0 5. e4 d6 6. h3 Nbd7 7. Bg5 h6 8. Be3 e5 9. dxe5 dxe5 10. Be2 c6 11. 0-0 Qe7 12. Qd2 Kh7 13. Rad1 Ne8 14. a3 f5 15. exf5 gxf5 16. Rfe1 Qf6 17. Qc2 Kh8 18. Na4 b6 19. b4 Rg8 20. Bf1 e4 21. Bd4 Qg6 22. Nh2 Ndf6 23. Be5 Nh5 24. Bxg7+ Nexg7 25. c5 b5 26. Nc3 Nf4 27. g3 Nge6 28. Kh1 Qg7 29. Ne2 Nd3 30. Rxd3 exd3 31. Qxd3 f4 32. Bg2 fxg3 33. fxg3 Bb7 34. Ng4 Rad8 35. Qf5 Ng5 36. Nf4 Bc8 37. Qc2 Nxh3 38. Ne5 Nxf4 39. gxf4 Qf6 40. Qe4 Rd2 0-1

[Event "GER-chT Federal Cup (Women)"]
[Site "Braunfels"]
[Date "2015.06.05"]
[Round "3.1"]
[White "Von Wantoch Rekowski, Danijela"]
[Black "Paehtz, Elisabeth"]
[Result "0-1"]
[WhiteElo "2083"]
[BlackElo "2470"]
[PlyCount "66"]
[EventDate "2015.06.04"]
[EventType "team-swiss"]
[EventRounds "5"]
[EventCountry "GER"]
[SourceTitle "CBM 167 Extra"]
[Source "ChessBase"]
[SourceDate "2015.09.14"]
[SourceVersion "1"]
[SourceVersionDate "2015.09.14"]
[SourceQuality "1"]
[WhiteTeam "Sachsen (W)"]
[BlackTeam "Baden (W)"]
[WhiteTeamCountry "GER"]
[BlackTeamCountry "GER"]

1. e4 c5 2. Nf3 e6 3. d4 cxd4 4. Nxd4 a6 5. Bd3 Bc5 6. Nb3 Ba7 7. Nc3 Nc6 8. Bf4 d6 9. Qd2 Nge7 10. 0-0-0 0-0 11. Bg5 b5 12. f4 b4 13. Ne2 f6 14. Bh4 d5 15. Kb1 Rb8 16. Rhf1 a5 17. g4 a4 18. Nbc1 Qa5 19. g5 f5 20. exf5 exf5 21. Bf2 Bxf2 22. Rxf2 Qc5 23. Ng1 Be6 24. Nf3 d4 25. Bf1 Rfd8 26. Re1 Bf7 27. Ne5 Nd5 28. Nxc6 Nc3+ 29. Ka1 Qxc6 30. bxc3 bxc3 31. Qd3 Rb2 32. Qxf5 Qb7 33. Nb3 axb3 0-1

[Event "BL 1415 (Women)"]
[Site "Germany"]
[Date "2014.11.29"]
[Round "3.4"]
[White "Von Wantoch Rekowski, Danijela"]
[Black "Goczo, Melinda"]
[Result "1/2-1/2"]
[WhiteElo "2204"]
[BlackElo "2233"]
[PlyCount "95"]
[EventDate "2014.09.27"]
[EventType "team-tourn"]
[EventRounds "11"]
[EventCountry "GER"]
[SourceTitle "CBM 166 Extra"]
[Source "ChessBase"]
[SourceDate "2015.06.18"]
[SourceVersion "1"]
[SourceVersionDate "2015.06.18"]
[SourceQuality "1"]
[WhiteTeam "Grosslehna (W)"]
[BlackTeam "Friedberg (W)"]
[WhiteTeamCountry "GER"]
[BlackTeamCountry "GER"]

1. Nf3 Nf6 2. d4 e6 3. c4 d5 4. e3 Be7 5. Nc3 0-0 6. Be2 dxc4 7. Bxc4 c5 8. 0-0 Nc6 9. a3 b6 10. dxc5 Bxc5 11. b4 Be7 12. Bb2 Qxd1 13. Rfxd1 Bb7 14. Ne2 Rfd8 15. Nfd4 Ne4 16. Rac1 Nxd4 17. Bxd4 Rac8 18. Bd3 Bf6 19. Bxe4 Bxe4 20. Rxc8 Rxc8 21. Bxf6 gxf6 22. f3 Bc6 23. Rc1 Bd7 24. Rxc8+ Bxc8 25. Kf2 Bd7 26. Kg3 Kf8 27. Nc3 Ke7 28. Kh4 Kf8 29. Kh5 Kg7 30. e4 e5 31. g4 Bc6 32. b5 Bd7 33. a4 Be6 34. Nd5 Bc8 35. Nc7 Bd7 36. Nd5 Be8 37. Nb4 Bd7 38. Nc6 a6 39. Kh4 axb5 40. axb5 Kf8 41. Na7 Kg7 42. Nc6 h6 43. Na7 Kf8 44. Kh5 Kg7 45. Kh4 Be6 46. Kh5 Bc4 47. Kh4 Be6 48. Kh5 1/2-1/2

[Event "GER-chT Federal Cup (Women)"]
[Site "Braunfels"]
[Date "2014.06.22"]
[Round "5.3"]
[White "Bluhm, Sonja Maria"]
[Black "Von Wantoch Rekowski, Danijela"]
[Result "1-0"]
[WhiteElo "2115"]
[BlackElo "2117"]
[PlyCount "81"]
[EventDate "2014.06.19"]
[EventType "team-swiss"]
[EventRounds "5"]
[EventCountry "GER"]
[SourceTitle "EXT 2015"]
[Source "ChessBase"]
[SourceDate "2014.11.20"]
[SourceVersion "1"]
[SourceVersionDate "2014.11.20"]
[SourceQuality "1"]
[WhiteTeam "Hessen (W)"]
[BlackTeam "Sachsen (W)"]
[WhiteTeamCountry "GER"]
[BlackTeamCountry "GER"]

1. e4 c5 2. d3 e6 3. g3 d5 4. e5 Nc6 5. f4 h5 6. c3 Nge7 7. Nf3 Nf5 8. Bh3 Be7 9. Na3 a6 10. Nc2 b5 11. 0-0 Bd7 12. Bg2 Qb6 13. Qe1 Rd8 14. h3 Bc8 15. Be3 Nxe3 16. Qxe3 d4 17. cxd4 cxd4 18. Qe2 g6 19. Ng5 Bb7 20. Ne4 Kf8 21. g4 Kg8 22. Rae1 Rc8 23. Nf2 hxg4 24. hxg4 Bh4 25. Rc1 Ne7 26. Bxb7 Qxb7 27. Ne4 Nd5 28. Nd6 Qa8 29. Nxc8 Nxf4 30. Qe4 Ne2+ 31. Kg2 Qxe4+ 32. dxe4 Nxc1 33. Rxc1 d3 34. Nd4 d2 35. Rd1 Bg5 36. Nf3 Bf4 37. Kf2 Kg7 38. Ne7 Rd8 39. Nc6 Rc8 40. Ncd4 Rc4 41. Ke2 1-0

[Event "GER-chT Federal Cup (Women)"]
[Site "Braunfels"]
[Date "2014.06.20"]
[Round "3.3"]
[White "Stangl, Anita"]
[Black "Von Wantoch Rekowski, Danijela"]
[Result "0-1"]
[WhiteElo "2039"]
[BlackElo "2117"]
[PlyCount "100"]
[EventDate "2014.06.19"]
[EventType "team-swiss"]
[EventRounds "5"]
[EventCountry "GER"]
[SourceTitle "EXT 2015"]
[Source "ChessBase"]
[SourceDate "2014.11.20"]
[SourceVersion "1"]
[SourceVersionDate "2014.11.20"]
[SourceQuality "1"]
[WhiteTeam "Bayern (W)"]
[BlackTeam "Sachsen (W)"]
[WhiteTeamCountry "GER"]
[BlackTeamCountry "GER"]

1. e4 c5 2. Nf3 Nc6 3. d4 cxd4 4. Nxd4 a6 5. Nc3 e6 6. Bc4 Qc7 7. Bb3 Nf6 8. Nde2 b5 9. a3 Bc5 10. 0-0 Ne5 11. h3 Bb7 12. Ng3 h5 13. Qe2 Neg4 14. Qf3 h4 15. Bf4 Ne5 16. Bxe5 Qxe5 17. Nge2 Bxe4 18. Nxe4 Qxe4 19. Qxe4 Nxe4 20. Rad1 d5 21. Nf4 0-0 22. Nd3 Be7 23. Rfe1 Bf6 24. c3 Nd6 25. Nc5 Ra7 26. Re2 Rc8 27. Nd3 Nc4 28. f4 g6 29. Nf2 Be7 30. Nd3 Bd6 31. Kf2 Kg7 32. Kf3 a5 33. Kg4 Be7 34. Rde1 Rb7 35. Ba2 Rd8 36. Kf3 Bf6 37. Nf2 Nd6 38. Rd1 Nf5 39. Red2 Rc8 40. Bb1 Nd6 41. Ng4 Be7 42. Ne5 b4 43. cxb4 axb4 44. a4 b3 45. Rd4 Nc4 46. Nxc4 Rxc4 47. Rxc4 dxc4 48. Rc1 Rc7 49. Ke2 Bf6 50. Kd2 g5 0-1

[Event "BL 1213 (Women)"]
[Site "Germany"]
[Date "2012.12.02"]
[Round "4.4"]
[White "Von Wantoch Rekowski, Danijela"]
[Black "Babiy, Olga"]
[Result "1/2-1/2"]
[WhiteElo "2245"]
[BlackElo "2259"]
[PlyCount "87"]
[EventDate "2012.10.06"]
[EventType "team-tourn"]
[EventRounds "11"]
[EventCountry "GER"]
[SourceTitle "EXT 2014"]
[Source "ChessBase"]
[SourceDate "2013.11.20"]
[SourceVersion "1"]
[SourceVersionDate "2013.11.20"]
[SourceQuality "1"]
[WhiteTeam "Grosslehna (W)"]
[BlackTeam "Muelheim Nord (W)"]
[WhiteTeamCountry "GER"]
[BlackTeamCountry "GER"]

1. e4 c5 2. Nf3 e6 3. c4 Nc6 4. Nc3 Qb6 5. d3 a6 6. g3 d6 7. Bg2 Nf6 8. 0-0 Be7 9. b3 0-0 10. Bb2 Ng4 11. d4 cxd4 12. Na4 Qa5 13. Nxd4 e5 14. Nf5 Bxf5 15. exf5 Nf6 16. g4 h6 17. Nc3 Rac8 18. Nd5 Nxd5 19. cxd5 Nd4 20. Be4 Bg5 21. f4 Bf6 22. g5 hxg5 23. fxg5 Bxg5 24. f6 Qd2 25. Qg4 Bxf6 26. Rxf6 Qxb2 27. Raf1 Rc1 28. Qh4 Rxf1+ 29. Kxf1 Qc1+ 30. Kg2 Rc8 31. Qh7+ Kf8 32. Qh8+ Ke7 33. Qxg7 Rf8 34. Rf2 Qe3 35. Qf6+ Kd7 36. Bh7 Qc1 37. h4 Qd1 38. Qg7 Ke8 39. Bg8 f5 40. Qg6+ Ke7 41. Qg7+ Ke8 42. Qg6+ Ke7 43. Qg7+ Ke8 44. Qg6+ 1/2-1/2

[Event "BL 1213 (Women)"]
[Site "Germany"]
[Date "2012.10.07"]
[Round "2.4"]
[White "Savina, Anastasia"]
[Black "Von Wantoch Rekowski, Danijela"]
[Result "1/2-1/2"]
[WhiteElo "2303"]
[BlackElo "2245"]
[PlyCount "100"]
[EventDate "2012.10.06"]
[EventType "team-tourn"]
[EventRounds "11"]
[EventCountry "GER"]
[SourceTitle "EXT 2013"]
[Source "ChessBase"]
[SourceDate "2012.11.22"]
[SourceVersion "1"]
[SourceVersionDate "2012.11.22"]
[SourceQuality "1"]
[WhiteTeam "Bad Koenigshofen (W)"]
[BlackTeam "Grosslehna (W)"]
[WhiteTeamCountry "GER"]
[BlackTeamCountry "GER"]

1. d4 Nf6 2. c4 e6 3. Nc3 Bb4 4. e3 0-0 5. Nge2 d5 6. a3 Be7 7. cxd5 exd5 8. g3 a5 9. Bg2 c6 10. 0-0 Be6 11. f3 Na6 12. Bd2 Ne8 13. Be1 Nd6 14. b3 Nc7 15. Na4 Bf5 16. Nc5 h6 17. Bf2 Re8 18. e4 b6 19. exf5 bxc5 20. dxc5 Nxf5 21. Qd3 Bf6 22. Rae1 Ne7 23. Nd4 Qd7 24. f4 Rab8 25. Bf3 Nb5 26. Nxb5 Rxb5 27. Bd1 d4 28. Bc2 g6 29. Qc4 Kg7 30. Rd1 Rd8 31. Rd2 Qd5 32. Qxd5 Rxd5 33. Rfd1 Rdxc5 34. a4 Rb8 35. Be4 Rxb3 36. Rxd4 Rb2 37. Rd6 Rc4 38. Rxf6 Rxf2 39. Bd3 Rd4 40. Rxf7+ Kxf7 41. Kxf2 Rxa4 42. Rc1 Ra2+ 43. Kf3 Rxh2 44. Be4 Rb2 45. Bxc6 Nxc6 46. Rxc6 Rb3+ 47. Kg4 h5+ 48. Kh4 a4 49. Ra6 a3 50. g4 hxg4 1/2-1/2

[Event "BL 1213 (Women)"]
[Site "Germany"]
[Date "2012.10.06"]
[Round "1.4"]
[White "Von Wantoch Rekowski, Danijela"]
[Black "Korenova, Martina"]
[Result "1-0"]
[WhiteElo "2245"]
[BlackElo "2214"]
[PlyCount "163"]
[EventDate "2012.10.06"]
[EventType "team-tourn"]
[EventRounds "11"]
[EventCountry "GER"]
[SourceTitle "EXT 2013"]
[Source "ChessBase"]
[SourceDate "2012.11.22"]
[SourceVersion "1"]
[SourceVersionDate "2012.11.22"]
[SourceQuality "1"]
[WhiteTeam "Grosslehna (W)"]
[BlackTeam "Rodewisch (W)"]
[WhiteTeamCountry "GER"]
[BlackTeamCountry "GER"]

1. Nf3 Nf6 2. d4 g6 3. c4 Bg7 4. Nc3 d6 5. e4 0-0 6. Be2 e5 7. dxe5 dxe5 8. 0-0 c6 9. Qc2 Nbd7 10. h3 Re8 11. Be3 Qe7 12. Rfd1 Nc5 13. b4 Ne6 14. c5 a5 15. a3 axb4 16. axb4 Rxa1 17. Rxa1 Nh5 18. Rd1 Nhf4 19. Bf1 Qf6 20. Nh2 Nd4 21. Qc1 g5 22. Ng4 Qg6 23. Nxe5 Bxe5 24. Bxd4 Bc7 25. f3 h5 26. Be3 Be6 27. h4 Be5 28. Bd4 Qg7 29. Bxe5 Qxe5 30. Ne2 Nxe2+ 31. Bxe2 gxh4 32. Qe3 Qg3 33. Qf2 Qf4 34. Bf1 Ra8 35. Qd2 Qf6 36. f4 Bg4 37. Rb1 Rd8 38. Qe3 Qd4 39. Kf2 Qd7 40. Rb2 Qe6 41. Bd3 Qd7 42. Bb1 h3 43. gxh3 Bxh3 44. f5 Qd4 45. Qxd4 Rxd4 46. Ke3 Rd7 47. Bd3 Bg4 48. Bc4 Kg7 49. b5 cxb5 50. Rxb5 Kf6 51. Kf4 Bxf5 52. c6 bxc6 53. Rxf5+ Kg6 54. Be2 h4 55. Rg5+ Kf6 56. Rh5 Rd2 57. Ke3 Rc2 58. Rxh4 Kg5 59. Rg4+ Kf6 60. Rf4+ Ke7 61. Bd3 Rc5 62. Kd4 Ra5 63. Rh4 f6 64. Rh7+ Kd6 65. Rf7 c5+ 66. Ke3 Ke5 67. Re7+ Kd6 68. Re8 Ra3 69. Kd2 Ra2+ 70. Kc3 Ra3+ 71. Kc2 Ra4 72. Kb3 Ra1 73. Rd8+ Ke6 74. Rd5 Ra5 75. Kc4 Ra1 76. Kxc5 Ra5+ 77. Kd4 Ra4+ 78. Ke3 Rb4 79. Ra5 Rb2 80. Bc4+ Kd6 81. Ra6+ Ke7 82. Re6+ 1-0

[Event "Berlin Werner Ott op"]
[Site "Berlin"]
[Date "2012.07.07"]
[Round "1"]
[White "Koischwitz, Wanja"]
[Black "Von Wantoch Rekowski, Danijela"]
[Result "0-1"]
[WhiteElo "1832"]
[BlackElo "2233"]
[PlyCount "68"]
[EventDate "2012.07.07"]
[EventType "swiss"]
[EventRounds "9"]
[EventCountry "GER"]
[SourceTitle "CBM 149 Extra"]
[Source "ChessBase"]
[SourceDate "2012.08.24"]
[SourceVersion "1"]
[SourceVersionDate "2012.08.24"]
[SourceQuality "1"]

1. d4 Nf6 2. Nf3 e6 3. Bg5 Be7 4. e3 Ne4 5. Bxe7 Qxe7 6. c3 b6 7. Bd3 Bb7 8. Qc2 f5 9. Nbd2 Nxd2 10. Qxd2 d6 11. Qe2 Nd7 12. e4 e5 13. dxe5 dxe5 14. Nd2 0-0-0 15. Ba6 Nc5 16. Bxb7+ Kxb7 17. 0-0 f4 18. a4 Rhf8 19. a5 Rf6 20. b4 Nd3 21. axb6 cxb6 22. Nf3 Rc6 23. Ra3 Kb8 24. Rd1 Rcd6 25. Rda1 R8d7 26. h3 g5 27. Qa2 Qg7 28. Qb3 h5 29. c4 g4 30. hxg4 hxg4 31. Nh2 g3 32. fxg3 Qxg3 33. R3a2 Qe3+ 34. Kf1 Qg3 0-1

[Event "BL 0708 (Women)"]
[Site "Germany"]
[Date "2008.04.12"]
[Round "10.6"]
[White "Von Wantoch Rekowski, Danijela"]
[Black "Sandner, Heike"]
[Result "1/2-1/2"]
[WhiteElo "2242"]
[BlackElo "1711"]
[PlyCount "59"]
[EventDate "2007.11.10"]
[EventType "team-tourn"]
[EventRounds "11"]
[EventCountry "GER"]
[SourceTitle "EXT 2009"]
[Source "ChessBase"]
[SourceDate "2008.11.26"]
[SourceVersion "1"]
[SourceVersionDate "2008.11.26"]
[SourceQuality "1"]
[WhiteTeam "Grosslehna (W)"]
[BlackTeam "Rodewisch (W)"]
[WhiteTeamCountry "GER"]
[BlackTeamCountry "GER"]

1. e4 e5 2. Nf3 Nc6 3. Bc4 Bc5 4. 0-0 Nf6 5. d3 0-0 6. Nc3 d6 7. Bg5 h6 8. Bh4 Be6 9. Qc1 Nd4 10. Nxd4 Bxd4 11. Nd5 Bxd5 12. Bxf6 Qxf6 13. Bxd5 c6 14. Bb3 Kh8 15. c3 Bb6 16. Kh1 Qe7 17. f4 f5 18. fxe5 Qxe5 19. exf5 Rxf5 20. d4 Qe4 21. Qd2 Raf8 22. Rxf5 Qxf5 23. Kg1 c5 24. Rd1 cxd4 25. cxd4 Qf6 26. Bc2 Rc8 27. Bb3 Rf8 28. Bc2 Rc8 29. Bb3 Rf8 30. h3 1/2-1/2

[Event "Berlin Herbst op"]
[Site "Berlin"]
[Date "2007.10.21"]
[Round "8"]
[White "Von Wantoch Rekowski, Danijela"]
[Black "Duenzel, Jonas"]
[Result "1-0"]
[WhiteElo "2242"]
[BlackElo "1902"]
[PlyCount "115"]
[EventDate "2007.10.14"]
[EventType "swiss"]
[EventRounds "9"]
[EventCountry "GER"]
[SourceTitle "EXT 2008"]
[Source "ChessBase"]
[SourceDate "2007.11.25"]
[SourceVersion "1"]
[SourceVersionDate "2007.11.25"]
[SourceQuality "1"]

1. Nf3 Nf6 2. g3 g6 3. b3 Bg7 4. Bb2 0-0 5. Bg2 d5 6. 0-0 b6 7. d4 Bb7 8. Nbd2 Nbd7 9. c4 e6 10. cxd5 exd5 11. b4 Re8 12. e3 c6 13. a4 a5 14. b5 c5 15. dxc5 bxc5 16. Nb3 Qb6 17. Rc1 Ne4 18. Bxg7 Kxg7 19. Nfd2 Nxd2 20. Qxd2 c4 21. Nd4 Nf6 22. Ne2 Ne4 23. Qb2+ Kg8 24. Nc3 Qc5 25. Rfd1 Red8 26. Rd4 Nf6 27. Rcd1 Rd7 28. Qc2 Rad8 29. R1d2 Kg7 30. Qd1 Qb4 31. Qc2 Qc5 32. Bh3 Rd6 33. Bg2 R6d7 34. g4 h6 35. h4 h5 36. g5 Ng4 37. e4 Qc7 38. Rxd5 Bxd5 39. Nxd5 Rxd5 40. Rxd5 Qh2+ 41. Kf1 Rxd5 42. exd5 Qf4 43. Qc3+ Kh7 44. Bf3 Ne5 45. Ke2 Nd3 46. Qf6 Qc1 47. Qxf7+ Kh8 48. Qf8+ Kh7 49. Qh6+ Kg8 50. Qxg6+ Kh8 51. Qxh5+ Kg8 52. Qg6+ Kh8 53. Qf6+ Kg8 54. Bg4 Qe1+ 55. Kf3 Qxf2+ 56. Ke4 Nc5+ 57. Ke5 Qb2+ 58. Kd6 1-0

[Event "Berlin Herbst op"]
[Site "Berlin"]
[Date "2007.10.17"]
[Round "4"]
[White "Von Wantoch Rekowski, Danijela"]
[Black "Dimitrijeski, Kristian"]
[Result "1/2-1/2"]
[WhiteElo "2242"]
[BlackElo "2108"]
[PlyCount "70"]
[EventDate "2007.10.14"]
[EventType "swiss"]
[EventRounds "9"]
[EventCountry "GER"]
[SourceTitle "EXT 2008"]
[Source "ChessBase"]
[SourceDate "2007.11.25"]
[SourceVersion "1"]
[SourceVersionDate "2007.11.25"]
[SourceQuality "1"]

1. e4 c6 2. d4 d5 3. e5 Bf5 4. Nf3 e6 5. Be2 Ne7 6. 0-0 Bg6 7. b3 Nf5 8. c4 Be7 9. Na3 0-0 10. Nc2 c5 11. dxc5 dxc4 12. b4 a5 13. Bxc4 axb4 14. Nxb4 Bxc5 15. Nd3 Be7 16. Nf4 Nc6 17. Nxg6 hxg6 18. Qe2 Qc7 19. Bb2 Ba3 20. Bd3 Bxb2 21. Qxb2 Rfd8 22. Be4 Ra4 23. Qc2 Qa5 24. Bxc6 bxc6 25. Qxc6 Rxa2 26. Rad1 Ne7 27. Rxd8+ Qxd8 28. Qc4 Ra7 29. Qh4 Rd7 30. Ng5 Nf5 31. Qh7+ Kf8 32. Qh8+ Ke7 33. Qxd8+ Rxd8 34. Ne4 Rd5 35. f4 f6 1/2-1/2

[Event "Berlin Herbst op"]
[Site "Berlin"]
[Date "2007.10.16"]
[Round "3"]
[White "Kohl, Ingo"]
[Black "Von Wantoch Rekowski, Danijela"]
[Result "0-1"]
[WhiteElo "1964"]
[BlackElo "2242"]
[PlyCount "74"]
[EventDate "2007.10.14"]
[EventType "swiss"]
[EventRounds "9"]
[EventCountry "GER"]
[SourceTitle "EXT 2008"]
[Source "ChessBase"]
[SourceDate "2007.11.25"]
[SourceVersion "1"]
[SourceVersionDate "2007.11.25"]
[SourceQuality "1"]

1. e4 d6 2. d4 g6 3. Nc3 Bg7 4. g3 Nd7 5. Bg2 e5 6. Nge2 Ne7 7. 0-0 0-0 8. Be3 exd4 9. Bxd4 Ne5 10. f4 c5 11. fxe5 cxd4 12. Qxd4 dxe5 13. Qe3 Be6 14. Rad1 Qa5 15. Rd2 Rac8 16. a3 a6 17. Rfd1 Qc7 18. Nd5 Bxd5 19. exd5 Nf5 20. Qf2 Nd6 21. c3 Bh6 22. Rd3 f5 23. g4 f4 24. Qh4 Bg7 25. Rh3 h6 26. g5 h5 27. Bf3 Nf5 28. Qe1 Qe7 29. Kh1 Ne3 30. d6 Qd7 31. Qh4 Nxd1 32. Bd5+ Rf7 33. Nxf4 exf4 34. Qxf4 Qxh3 35. Qxf7+ Kh8 36. d7 Rf8 37. d8Q Rxd8 0-1

[Event "Stuttgart-chA int"]
[Site "Gerlingen"]
[Date "2007.05.18"]
[Round "4"]
[White "Jurkic, Bosiljko"]
[Black "Von Wantoch Rekowski, Danijela"]
[Result "1/2-1/2"]
[WhiteElo "2088"]
[BlackElo "2114"]
[PlyCount "25"]
[EventDate "2007.05.17"]
[EventType "swiss"]
[EventRounds "7"]
[EventCountry "GER"]
[SourceTitle "EXT 2018"]
[Source "ChessBase"]
[SourceDate "2017.10.13"]
[SourceVersion "1"]
[SourceVersionDate "2017.10.13"]
[SourceQuality "1"]

1. e4 e6 2. d4 d5 3. Nd2 Nf6 4. e5 Nfd7 5. Bd3 c5 6. c3 Nc6 7. Ne2 cxd4 8. cxd4 f5 9. Nf4 Nxd4 10. Qh5+ g6 11. Nxg6 hxg6 12. Qxg6+ Ke7 13. Qg5+ 1/2-1/2

[Event "Stuttgart-ch"]
[Site "Gerlingen"]
[Date "2007.05.17"]
[Round "2"]
[White "Rausis, Igors"]
[Black "Von Wantoch Rekowski, Danijela"]
[Result "1-0"]
[WhiteElo "2537"]
[BlackElo "2114"]
[PlyCount "63"]
[EventDate "2007.05.17"]
[EventType "swiss"]
[EventRounds "7"]
[EventCountry "GER"]
[SourceTitle "CBM 118 Extra"]
[Source "ChessBase"]
[SourceDate "2007.07.04"]
[SourceVersion "1"]
[SourceVersionDate "2007.07.04"]
[SourceQuality "1"]

1. Nf3 c5 2. g3 Nf6 3. Bg2 Nc6 4. 0-0 e5 5. c4 d5 6. d3 d4 7. b4 cxb4 8. a3 bxa3 9. Qa4 Nd7 10. Bxa3 Bxa3 11. Qxa3 Qb6 12. Nbd2 Qc5 13. Ng5 0-0 14. Rfb1 a6 15. Bd5 Nd8 16. Nde4 Qxa3 17. Rxa3 h6 18. Nf3 Kh7 19. Nd6 Rb8 20. Nxc8 Rxc8 21. Bxb7 Nxb7 22. Rxb7 Nc5 23. Re7 f6 24. Ra5 Rc6 25. Nh4 h5 26. Nf5 Ne6 27. Ra7 e4 28. Ne7 Rc5 29. R5xa6 exd3 30. exd3 Ng5 31. Kg2 Rb8 32. Nd5 1-0

[Event "EU-ch (Women) 8th"]
[Site "Dresden"]
[Date "2007.04.14"]
[Round "11"]
[White "Kadimova, Ilaha"]
[Black "Von Wantoch Rekowski, Danijela"]
[Result "1-0"]
[WhiteElo "2333"]
[BlackElo "2124"]
[PlyCount "69"]
[EventDate "2007.04.03"]
[EventType "swiss"]
[EventRounds "11"]
[EventCountry "GER"]
[SourceTitle "CBM 117 Extra"]
[Source "ChessBase"]
[SourceDate "2007.05.09"]
[SourceVersion "1"]
[SourceVersionDate "2007.05.09"]
[SourceQuality "1"]

1. d4 e6 2. c4 Nf6 3. Nc3 Bb4 4. Qc2 d5 5. cxd5 exd5 6. Bg5 h6 7. Bh4 c5 8. dxc5 Nbd7 9. a3 Qa5 10. Rc1 Bxc3+ 11. Qxc3 Qxc3+ 12. Rxc3 Ne4 13. Rc2 Nexc5 14. e3 Ne6 15. Nf3 0-0 16. Be2 Nb6 17. b3 Bd7 18. Kd2 Rfc8 19. Rhc1 Rxc2+ 20. Rxc2 Rc8 21. Ne5 Rxc2+ 22. Kxc2 Kf8 23. Nxd7+ Nxd7 24. Bf3 Nb6 25. a4 a5 26. Kc3 f5 27. g4 f4 28. exf4 d4+ 29. Kc2 Nxf4 30. Bd8 Nd7 31. Bxb7 Nc5 32. Bf3 Nce6 33. Bxa5 d3+ 34. Kd2 Nc5 35. Bb4 1-0

[Event "Leipzig VfB op 14th"]
[Site "Leipzig"]
[Date "2007.03.25"]
[Round "9"]
[White "Seifert, Volker"]
[Black "Von Wantoch Rekowski, Danijela"]
[Result "1-0"]
[WhiteElo "2330"]
[BlackElo "2124"]
[PlyCount "55"]
[EventDate "2007.03.20"]
[EventType "swiss"]
[EventRounds "9"]
[EventCountry "GER"]
[SourceTitle "EXT 2008"]
[Source "ChessBase"]
[SourceDate "2007.11.25"]
[SourceVersion "1"]
[SourceVersionDate "2007.11.25"]
[SourceQuality "1"]

1. d4 d5 2. c4 Nc6 3. Nc3 e5 4. cxd5 Nxd4 5. e3 Nf5 6. Bb5+ Bd7 7. Bxd7+ Qxd7 8. Nf3 Bd6 9. e4 Nfe7 10. 0-0 Nf6 11. Qb3 Rb8 12. Be3 a6 13. h3 b5 14. Qc2 h6 15. Rac1 0-0 16. Ne2 Rbc8 17. Rfd1 g5 18. Ng3 Kh8 19. Nh2 Rg8 20. Bc5 g4 21. Qd2 Kh7 22. Bxd6 cxd6 23. hxg4 Nxg4 24. Rxc8 Rxc8 25. Nf5 Rg8 26. Nxg4 Rxg4 27. Qxh6+ Kg8 28. Qxd6 1-0